[Event "EU-Cup 13th Group6"]
[Site "Heraklion"]
[Date "1997.10.11"]
[Round "2"]
[White "Zvjaginsev, Vadim"]
[Black "Kosebay, Osman"]
[Result "1-0"]
[WhiteElo "2635"]
[BlackElo "2235"]
[PlyCount "41"]
[EventDate "1997.10.10"]
[EventType "team-k.o."]
[EventRounds "3"]
[EventCountry "GRE"]
[SourceTitle "EXT 2020"]
[Source "ChessBase"]
[SourceDate "2019.10.17"]
[SourceVersion "1"]
[SourceVersionDate "2019.10.17"]
[SourceQuality "1"]
[WhiteTeam "Azov Ladya"]
[BlackTeam "Istanbul Oyak Sigorta"]
[WhiteTeamCountry "RUS"]
[BlackTeamCountry "TUR"]

1. d4 Nf6 2. c4 g6 3. Nc3 d5 4. Bg5 Ne4 5. Bf4 Nxc3 6. bxc3 Bg7 7. e3 c5 8. Nf3 0-0 9. cxd5 cxd4 10. cxd4 Qxd5 11. Be2 Nc6 12. 0-0 Bf5 13. Nh4 Rad8 14. Nxf5 Qxf5 15. Bc7 Ra8 16. Rb1 Qc8 17. Bg3 e5 18. d5 Rd8 19. Bh4 f6 20. Bg4 Qc7 21. Qc2 1-0

[Event "EU-Cup 13th Group6"]
[Site "Heraklion"]
[Date "1997.10.10"]
[Round "1"]
[White "Kosebay, Osman"]
[Black "Jacimovic, Dragoljub"]
[Result "1/2-1/2"]
[WhiteElo "2235"]
[BlackElo "2455"]
[PlyCount "95"]
[EventDate "1997.10.10"]
[EventType "team-k.o."]
[EventRounds "3"]
[EventCountry "GRE"]
[SourceTitle "EXT 2020"]
[Source "ChessBase"]
[SourceDate "2019.10.17"]
[SourceVersion "1"]
[SourceVersionDate "2019.10.17"]
[SourceQuality "1"]
[WhiteTeam "Istanbul Oyak Sigorta"]
[BlackTeam "Skopje Alkaloid"]
[WhiteTeamCountry "TUR"]
[BlackTeamCountry "MKD"]

1. e4 e6 2. d4 d5 3. Nc3 Nc6 4. Nf3 Nf6 5. e5 Ne4 6. Bd3 Bb4 7. Bd2 Nxd2 8. Qxd2 Bd7 9. a3 Be7 10. h4 f6 11. Qe2 0-0 12. 0-0-0 f5 13. Rdg1 Be8 14. h5 Na5 15. g4 f4 16. g5 b6 17. Qf1 Rf5 18. Bxf5 exf5 19. Qd3 Qd7 20. e6 Qxe6 21. Re1 Qd7 22. Re5 c6 23. Rxf5 Bd6 24. Ne5 Qe7 25. Ne2 Nc4 26. Nxc4 dxc4 27. Qxc4+ Bf7 28. Rxf7 Qxf7 29. Qxc6 Rd8 30. Nc3 Qe6 31. Qe4 Qc4 32. g6 Bxa3 33. bxa3 Qxc3 34. d5 Qa1+ 35. Kd2 Qxa3 36. h6 Qa5+ 37. Ke2 f3+ 38. Kxf3 Qc3+ 39. Kg4 Qf6 40. gxh7+ Kh8 41. hxg7+ Qxg7+ 42. Kh4 Rd6 43. Qe8+ Kxh7 44. Qe4+ Kg8 45. Qe8+ Kh7 46. Qe4+ Kg8 47. Qe8+ Kh7 48. Qe4+ 1/2-1/2

[Event "Politiken Cup 18th"]
[Site "Copenhagen"]
[Date "1996.??.??"]
[Round "5"]
[White "Brinck Claussen, Bjorn"]
[Black "Kosebay, Osman"]
[Result "1/2-1/2"]
[WhiteElo "2380"]
[BlackElo "2220"]
[PlyCount "43"]
[EventDate "1996.06.??"]
[EventType "swiss"]
[EventRounds "11"]
[EventCountry "DEN"]
[SourceTitle "CBM 054 Extra"]
[Source "ChessBase"]
[SourceDate "1996.11.01"]
[SourceVersion "1"]
[SourceVersionDate "1996.11.01"]
[SourceQuality "1"]

1. e4 e5 2. Nf3 Nf6 3. Nxe5 d6 4. Nf3 Nxe4 5. d4 d5 6. Bd3 Bd6 7. 0-0 0-0 8. c4 c6 9. cxd5 cxd5 10. Nc3 Nxc3 11. bxc3 Bg4 12. Bb1 Bh5 13. Qc2 Bg6 14. Qb3 b6 15. Bxg6 hxg6 16. c4 dxc4 17. Qxc4 Qc8 18. Qb3 Qf5 19. Bd2 Nc6 20. Rac1 Ne7 21. Rfe1 Qd5 22. Qb2 1/2-1/2

[Event "Politiken Cup 18th"]
[Site "Copenhagen"]
[Date "1996.??.??"]
[Round "1"]
[White "De Firmian, Nick E"]
[Black "Kosebay, Osman"]
[Result "1-0"]
[WhiteElo "2595"]
[BlackElo "2220"]
[PlyCount "93"]
[EventDate "1996.06.??"]
[EventType "swiss"]
[EventRounds "11"]
[EventCountry "DEN"]
[SourceTitle "CBM 054"]
[Source "ChessBase"]
[SourceDate "1996.10.01"]
[SourceVersion "1"]
[SourceVersionDate "1996.10.01"]
[SourceQuality "1"]

1. e4 e5 2. Nf3 Nf6 3. Nxe5 d6 4. Nf3 Nxe4 5. d4 d5 6. Bd3 Bd6 7. 0-0 0-0 8. c4 c6 9. cxd5 cxd5 10. Nc3 Nxc3 11. bxc3 Bg4 12. Rb1 Nd7 13. h3 Bh5 14. Rb5 Nb6 15. c4 Bxf3 16. Qxf3 dxc4 17. Bc2 Qd7 18. a4 Rab8 19. Bg5 Rfe8 20. Rfb1 g6 21. Be3 Qc6 22. a5 Qxf3 23. gxf3 Nc8 24. Rxb7 Rxb7 25. Rxb7 Re7 26. Rb1 Kg7 27. Kf1 Rc7 28. Ke2 Ne7 29. Be4 f5 30. Ba8 f4 31. Bd2 c3 32. Bc1 Nc6 33. Bxc6 Rxc6 34. Rb7+ Rc7 35. Rxc7+ Bxc7 36. a6 Bd6 37. Kd3 Kh6 38. Kxc3 Kg5 39. Kc4 Kh4 40. Kd5 Bc7 41. Kc6 Bb6 42. d5 g5 43. Ba3 Bxf2 44. d6 Kxh3 45. d7 Bb6 46. Bc5 Bxc5 47. Kxc5 1-0

[Event "Politiken Cup 18th"]
[Site "Copenhagen"]
[Date "1996.??.??"]
[Round "2"]
[White "Kosebay, Osman"]
[Black "Dahl Pedersen, Henrik"]
[Result "1-0"]
[WhiteElo "2220"]
[BlackElo "2055"]
[PlyCount "65"]
[EventDate "1996.06.??"]
[EventType "swiss"]
[EventRounds "11"]
[EventCountry "DEN"]
[SourceTitle "CBM 054 Extra"]
[Source "ChessBase"]
[SourceDate "1996.11.01"]
[SourceVersion "1"]
[SourceVersionDate "1996.11.01"]
[SourceQuality "1"]

1. e4 Nf6 2. e5 Nd5 3. d4 d6 4. Nf3 Bg4 5. Be2 e6 6. 0-0 Be7 7. c4 Nb6 8. Be3 N8d7 9. exd6 cxd6 10. b3 h6 11. Nc3 0-0 12. h3 Bh5 13. Nh2 Bxe2 14. Nxe2 Nf6 15. Ng3 Nbd7 16. f4 Qa5 17. f5 e5 18. Qe2 d5 19. dxe5 Nxe5 20. Bxh6 dxc4 21. Bg5 cxb3 22. axb3 Qc3 23. Bxf6 Bxf6 24. Ne4 Qd4+ 25. Kh1 Nc6 26. Rad1 Qe5 27. Ng4 Qe7 28. Rd7 Qb4 29. Ngxf6+ gxf6 30. Qg4+ Kh8 31. Qh4+ Kg7 32. Qxf6+ Kh7 33. Qh4+ 1-0

[Event "Politiken Cup 18th"]
[Site "Copenhagen"]
[Date "1996.??.??"]
[Round "10"]
[White "Kosebay, Osman"]
[Black "Rossen, Claus"]
[Result "1/2-1/2"]
[WhiteElo "2220"]
[BlackElo "2080"]
[PlyCount "140"]
[EventDate "1996.06.??"]
[EventType "swiss"]
[EventRounds "11"]
[EventCountry "DEN"]
[SourceTitle "CBM 054 Extra"]
[Source "ChessBase"]
[SourceDate "1996.11.01"]
[SourceVersion "1"]
[SourceVersionDate "1996.11.01"]
[SourceQuality "1"]

1. e4 d6 2. d4 Nf6 3. Nc3 g6 4. f4 Bg7 5. Nf3 c5 6. Bb5+ Bd7 7. e5 Ng4 8. e6 Bxb5 9. exf7+ Kd7 10. Nxb5 Qa5+ 11. Nc3 cxd4 12. Nxd4 Bxd4 13. Qxd4 Nc6 14. Qc4 Qb6 15. Qe2 h5 16. h3 Nh6 17. Nd5 Qa5+ 18. Qd2 Qxd2+ 19. Bxd2 Nf5 20. 0-0 Rh7 21. g4 hxg4 22. hxg4 Nh6 23. f5 gxf5 24. Bxh6 Rxh6 25. Rxf5 Rf8 26. Raf1 Rg6 27. Ne3 Ne5 28. g5 e6 29. R5f4 Rxg5+ 30. Kf2 Rxf7 31. Rxf7+ Nxf7 32. Ke2 Nh6 33. Rh1 Nf5 34. Nxf5 Rxf5 35. Rh7+ Kc6 36. Rh6 Re5+ 37. Kd2 a5 38. Rh8 Rg5 39. Rh2 b5 40. Kd3 Rg3+ 41. Kd2 b4 42. Rh4 e5 43. Rh8 Rg2+ 44. Kd3 a4 45. Ra8 Kb5 46. Rb8+ Kc5 47. Ra8 Rg3+ 48. Ke4 a3 49. bxa3 Rxa3 50. Rc8+ Kb6 51. Kd5 Rc3 52. Rxc3 bxc3 53. Kc4 Ka5 54. Kxc3 d5 55. Kd3 Kb4 56. c3+ Kb5 57. a3 Kc5 58. a4 e4+ 59. Ke3 Kc4 60. Kd2 e3+ 61. Kc2 e2 62. Kd2 e1Q+ 63. Kxe1 Kxc3 64. a5 Kc2 65. a6 d4 66. a7 d3 67. a8Q d2+ 68. Kf2 d1Q 69. Qa4+ Kd2 70. Qxd1+ Kxd1 1/2-1/2

[Event "Politiken Cup 18th"]
[Site "Copenhagen"]
[Date "1996.??.??"]
[Round "8"]
[White "Kosebay, Osman"]
[Black "Wallace, John Paul"]
[Result "1-0"]
[WhiteElo "2220"]
[BlackElo "2370"]
[PlyCount "73"]
[EventDate "1996.06.??"]
[EventType "swiss"]
[EventRounds "11"]
[EventCountry "DEN"]
[SourceTitle "CBM 054 Extra"]
[Source "ChessBase"]
[SourceDate "1996.11.01"]
[SourceVersion "1"]
[SourceVersionDate "1996.11.01"]
[SourceQuality "1"]

1. e4 c5 2. Nf3 e6 3. d4 cxd4 4. Nxd4 Nc6 5. Nc3 Qc7 6. Be2 Nf6 7. 0-0 a6 8. Kh1 Be7 9. f4 d6 10. Be3 0-0 11. Qe1 Nd7 12. Qg3 Bf6 13. Rad1 Rb8 14. Nf3 b5 15. e5 dxe5 16. Ne4 Be7 17. fxe5 f5 18. Bh6 Rf7 19. Nd6 Bxd6 20. exd6 Qb6 21. Ng5 f4 22. Qd3 Rf5 23. Nxe6 Rf6 24. Ng5 Nf8 25. Qb3+ Be6 26. Nxe6 Nxe6 27. Bg5 Rg6 28. Bh5 Ncd4 29. Rxd4 Qxd4 30. Bxg6 Qc4 31. Qxc4 bxc4 32. Re1 Nxg5 33. d7 Rf8 34. Re8 Ne6 35. Rxe6 hxg6 36. Re8 Kf7 37. Rxf8+ 1-0

[Event "Politiken Cup 18th"]
[Site "Copenhagen"]
[Date "1996.??.??"]
[Round "9"]
[White "Rowson, Jonathan"]
[Black "Kosebay, Osman"]
[Result "1-0"]
[WhiteElo "2415"]
[BlackElo "2220"]
[PlyCount "121"]
[EventDate "1996.06.??"]
[EventType "swiss"]
[EventRounds "11"]
[EventCountry "DEN"]
[SourceTitle "CBM 054 Extra"]
[Source "ChessBase"]
[SourceDate "1996.11.01"]
[SourceVersion "1"]
[SourceVersionDate "1996.11.01"]
[SourceQuality "1"]

1. e4 Nf6 2. e5 Nd5 3. d4 d6 4. Nf3 Bg4 5. Be2 Nc6 6. c4 Nb6 7. exd6 exd6 8. d5 Bxf3 9. Bxf3 Ne5 10. Be2 Be7 11. 0-0 0-0 12. Nd2 Re8 13. b3 Bf6 14. Rb1 Ng6 15. Bd3 Nf4 16. Ne4 Nxd3 17. Qxd3 Nd7 18. Nxf6+ Qxf6 19. Bb2 Nc5 20. Qg3 Qg6 21. Qxg6 hxg6 22. Bd4 Re4 23. Be3 Rae8 24. Rfd1 Kf8 25. Kf1 Ke7 26. Rbc1 a5 27. g3 Kd7 28. Kg2 Rb8 29. Kf3 f5 30. Bd4 b5 31. cxb5 Rxb5 32. Bxg7 a4 33. bxa4 Rxa4 34. Rc2 Rba5 35. Bd4 Rxa2 36. Rxa2 Rxa2 37. Kf4 c6 38. Kg5 cxd5 39. Kxg6 Ne6 40. f4 Rxh2 41. Kxf5 Re2 42. g4 Re4 43. Be5 Nc7 44. Ba1 Ne6 45. Be5 Nc7 46. Bb2 Ne6 47. Rf1 Re2 48. Bc1 d4 49. Rd1 Kc6 50. Kf6 Kd5 51. f5 Nc5 52. Kg7 Rg2 53. g5 Ne4 54. Kg6 Ke5 55. Rf1 d3 56. Bf4+ Kd5 57. Rd1 Nf2 58. f6 Nh3 59. Rxd3+ Ke4 60. Rxh3 Kxf4 61. Rh4+ 1-0

[Event "Komotini GP"]
[Site "Komotini"]
[Date "1993.??.??"]
[Round "4"]
[White "Kosebay, Osman"]
[Black "Vouldis, Angelos"]
[Result "0-1"]
[WhiteElo "2215"]
[BlackElo "2285"]
[PlyCount "96"]
[EventDate "1993.08.??"]
[EventType "swiss"]
[EventRounds "9"]
[EventCountry "GRE"]
[SourceTitle "EXT 1998"]
[Source "ChessBase"]
[SourceDate "1997.11.17"]
[SourceVersion "1"]
[SourceVersionDate "1997.11.17"]
[SourceQuality "1"]

1. e4 Nf6 2. e5 Nd5 3. d4 d6 4. Nf3 Nc6 5. Be2 dxe5 6. dxe5 Bf5 7. a3 e6 8. 0-0 Nb6 9. c4 Qxd1 10. Rxd1 Bc2 11. Re1 0-0-0 12. Bg5 Rd7 13. Nbd2 h6 14. Be3 g5 15. Rac1 Bh7 16. h3 Bg7 17. b4 Kb8 18. c5 Nd5 19. Bb5 Nde7 20. Nc4 Rd5 21. Bxc6 Nxc6 22. b5 Nxe5 23. Ncxe5 Bxe5 24. Nxe5 Rxe5 25. Rcd1 Kc8 26. b6 axb6 27. cxb6 c6 28. Rd4 Ra5 29. Rc1 e5 30. Rd6 Bf5 31. h4 gxh4 32. Bxh6 Be6 33. Bg5 h3 34. gxh3 Rd5 35. Rxd5 Bxd5 36. h4 Kd7 37. Kf1 Ke6 38. Rc3 f6 39. Be3 Rxh4 40. Bc5 Bc4+ 41. Ke1 Kd5 42. Bb4 c5 43. Ba5 f5 44. Rg3 Rh1+ 45. Kd2 Ra1 46. Re3 Ra2+ 47. Ke1 f4 48. Rh3 Re2+ 0-1